Statistics for Countries by emojis#3

Click here to take the quiz!

General Stats

  • This quiz has been taken 30 times
  • The average score is 6 of 15

Answer Stats

HintAnswer% Correct
๐ŸŽŽ๐Ÿฅ‹๐ŸผChina
100%
๐Ÿ‡๐Ÿ›๏ธ๐ŸŸ๏ธGreece
81%
๐Ÿ—ฟ๐Ÿง๐Ÿ—ปChile
56%
๐Ÿง›๐Ÿ•๐Ÿš๏ธRomania
52%
๐Ÿ‡ซ๐Ÿ‡ฐโšฝ๐Ÿ—ปArgentina
37%
๐Ÿฅ”๐Ÿ‡ท๐Ÿ‡บโ˜”Belarus
33%
๐ŸŒ‹๐Ÿ–๏ธ๐ŸŒIndonesia
33%
๐Ÿงจ๐Ÿฅถโœ๏ธSweden
33%
๐Ÿบ๐Ÿš‰๐Ÿ‡ธ๐Ÿ‡ฐCzech Republic
30%
๐Ÿฅ˜๐Ÿ›๐Ÿ‡ฎ๐Ÿ‡ณPakistan
30%
๐Ÿคด๐Ÿš๐Ÿ›ฌThailand
30%
๐Ÿ‡ง๐Ÿ‡ทโšฝโ›ฑ๏ธPortugal
26%
๐Ÿš”๐ŸŒ‡๐Ÿœ๏ธUnited arab emirates
26%
๐Ÿ—บ๏ธ๐ŸŽ๐ŸŽŽMongolia
22%
๐Ÿ›บ๐ŸŒŠ๐ŸšBangladesh
11%

Score Distribution

Percentile by Number Answered

Percent of People with Each Score

Your Score History

You have not taken this quiz